[Event "SRB-chT3 Ost"]
[Site "Kladovo"]
[Date "2013.10.18"]
[Round "2.35"]
[White "Stojanovic, Dragisa P"]
[Black "Stojanovic, Jovica M"]
[Result "1/2-1/2"]
[WhiteElo "2177"]
[BlackElo "2031"]
[PlyCount "48"]
[EventDate "2013.10.17"]
[EventType "team-swiss"]
[EventRounds "8"]
[EventCountry "SRB"]
[SourceTitle "EXT 2015"]
[Source "ChessBase"]
[SourceDate "2014.11.20"]
[SourceVersion "1"]
[SourceVersionDate "2014.11.20"]
[SourceQuality "1"]

1. Nf3 Nf6 2. g3 b6 3. Bg2 Bb7 4. c4 c5 5. 0-0 e6 6. b3 Qc7 7. Bb2 Be7 8. Qc2 d6 9. Nc3 a6 10. Rad1 Nbd7 11. d4 cxd4 12. Rxd4 Rc8 13. Rc1 0-0 14. Qd1 Rfd8 15. Ba3 Nf8 16. e3 Qb8 17. Bb2 Ng6 18. Qe1 Qa8 19. Qe2 d5 20. cxd5 Nxd5 21. Nxd5 Bxd5 22. e4 Rxc1+ 23. Bxc1 Bb7 24. Rxd8+ Qxd8 1/2-1/2